Представление документа в формате MARC21

Поле Инд. ПП Название Значение
Тип записи a
Библиографический уровень b
001 Контрольный номер 50282214c8e2442799d682e2a393a67a
005 Дата корректировки 20241203111936.3
080 a Индекс УДК 531.43
097 b Оператор *Плё*
100 1_ a Автор Гусев А.Ф.
245 10 a Заглавие О параметрах силы трения и их температурных зависимостях
p Название части/ раздела - Текст : электронный
b Продолж. заглавия статья
260 a Место издания Тверь
b Издательство ТвГТУ
c Дата издания 2024
520 0_ a Аннотация Экспериментально определены фрикционные характеристики пяти пар трения металлических электроконтактных материалов при температурах от 20 до 150 °С. Показано преимущество выражения силы трения двучленным законом Кулона перед одночленным законом Амонтона. Определены параметры силы трения по Кулону и их температурные зависимости, а также удельной силы трения, аналогичные параметрам силы трения по Кулону, их температурные зависимости.
653 0_ a Ключевые слова Трение
a Ключевые слова Закон Амонтона
a Ключевые слова Закон Кулона
a Ключевые слова Фрикционные параметры
a Ключевые слова Температурные зависимости
a Ключевые слова Корреляция
700 12 a Другие авторы Измайлов В.В.
700 12 a Другие авторы Новоселова М.В.
773 18 w Контрольный № источника 48e5b62063be4c66b648ecbdb936c832
t Название источника Механика и физика процессов на поверхности и в контакте твердых тел, деталей технологического и энергетического оборудования
d Место и дата издания Тверь : ТвГТУ, 2024
g Прочая информация Вып. 17. - С. 14-23
900 a Имя макрообъекта 001-000164052-000000000-0000-0000-01
901 t Тип документа b
950 a Редактор записи мс
951 i EL-ТГТУ? да